000 00739nam a2200205Ia 4500
005 20260121110048.0
008 008 260114s9999 xx 000 0 hin d
020 _a9788132351573
037 _aEBOOK
040 _aCRL
_bhin
_cCRL
041 _ahin
_2hin
084 _qCRL
100 _aराकेश उपाध्याय / Rakesh Upadhyay
_9941579
245 0 _aलेजर भौतिकी एवं विद्युत चुम्बकीय विकिरण / Laser Bhoutiki aur Vidut Chumbakiya Vikiran
260 _bभाषा प्रकाशन / Bhasha Prakashan
_c2020
856 _uhttps://bhashaprakashan.com/product-details/378497
942 _cEBOOK
999 _c1533244
_d1533244